000 00872cab a2200253 4500
001 ABS52199
008 090401t1995 xxu||||| |||| 00| 0 eng d
035 _a(Sirsi) u65463
041 _aeng
245 _aChallenging future for surveyors
260 _c1995
350 _a0
490 _aCSM (Chartered Surveyor Monthly)
_v4(3) January 1995, 20-21(2)
520 _aReviews research carried out by the RICS Rural Market Panel and Consensus Research International into what clients of RP surveyors think of the service they receive. "Rural property: customer needs research" RICS Books £35.00.
650 _aABOUT RICS-RICS MEMBERS
650 _aCLIENT DEMAND
650 _aCONSENSUS RESEARCH INTERNATIONAL
650 _aDEMAND
650 _aRURAL MARKET
650 _aSURVEYING SERVICES
690 _aRURAL PRACTICE
942 _n0
948 _c04/03/1997
999 _c40820
_d40820